| 000 -ლიდერი |
| ფიქსირებული სიგრძის საკონტროლო ველი |
01094nam a2200253Ia 4500 |
| 001 - საკონტროლო ნომერი |
| საკონტროლო ველი |
268 |
| 003 - საკონტროლო ნომრის იდენტიფიკატორი |
| საკონტროლო ველი |
GE_BSU |
| 005 - ბოლო ოპერაციის თარიღი და დრო |
| საკონტროლო ველი |
20240610123956.0 |
| 008 - ფიქსირებული სიგრძის მონაცემთა ელემენტები - ზოგადი ინფორმაცია |
| ფიქსირებული სიგრძის საკონტროლო ველი |
181216s1987||||ge |||||||||||||| ||geo|| |
| 040 ## - კატალოგიზაციის წყარო |
| Transcribing agency |
GE_BSU |
| 041 ## - ენის კოდი |
| Language code of text/sound track or separate title |
geo |
| 080 ## - უნივერსალური ათობითი კლასიფიკაციის ინდექსი |
| Universal Decimal Classification number |
617.7(075.8) ბ-512 |
| 100 ## - მთავარი ჩანაწერი - პიროვნების სახელი |
| Personal name |
ბერაძე, ნ. |
| 9 (RLIN) |
22375 |
| 245 ## - ცნობა სათაურის შესახებ |
| Title |
თვალის დაავადებები : |
| Remainder of title |
[სახელმძღვ. სამედ. ინ-ტის სტუდ.] / |
| Statement of responsibility, etc |
ნიკოლოზ ბერაძე, ლევან ჩიქოვანი. |
| 250 ## - გამოცემის ცნობა |
| Edition statement |
მე-3 გადამუშავებული და შევსებული გამოცემა. |
| 264 ## - წარმოების, გამოცემის, დისტრიბუციის და სხვა ცნობები |
| გამოცემის, წარმოების, დისტრიბუციის... ადგილი |
თბილისი : |
| გამოცემის, წარმოების, დისტრიბუციის... სახელწოდება |
განათლება, |
| გამოცემის, წარმოების, დისტრიბუციის... თარიღი |
1987. |
| 300 ## - ფიზიკური აღწერა |
| Extent |
431 გვ.: |
| Other physical details |
ილ; |
| Dimensions |
24 სმ. |
| 504 ## - BIBLIOGRAPHY, ETC. NOTE |
| Bibliography, etc |
ბიბლიოგრ. გვ:425-430 |
| 653 ## - INDEX TERM--UNCONTROLLED |
| Uncontrolled term |
თვალის დაავადებები |
| 653 ## - INDEX TERM--UNCONTROLLED |
| Uncontrolled term |
მედიცინა |
| 700 ## - ADDED ENTRY--PERSONAL NAME |
| Personal name |
ჩიქოვანი, ლევან |
| Relator term |
ავტორი |
| 9 (RLIN) |
22376 |
| 942 ## - ADDED ENTRY ELEMENTS (KOHA) |
| Koha item type |
წიგნი |
| Source of classification or shelving scheme |
|